Online Catalogue and eLibrary

SriLankawe ganikawo (Record no. 2178)

MARC details
000 -LEADER
fixed length control field 00509nam a2200157Ia 4500
005 - DATE AND TIME OF LATEST TRANSACTION
control field 20250528023148.0
008 - FIXED-LENGTH DATA ELEMENTS--GENERAL INFORMATION
fixed length control field 240331s9999 xx 000 0 und d
020 ## - INTERNATIONAL STANDARD BOOK NUMBER
ISBN 9558381284
082 ## - DDC Classification
Item Number - Author Mark RAT
Class No. 306
100 ## - MAIN ENTRY--PERSONAL NAME
Personal name Rathnapala, N
245 #0 - TITLE STATEMENT
Title SriLankawe ganikawo
260 ## - PUBLICATION, DISTRIBUTION, ETC.
Place of publication, distribution, etc. Colombo
Name of publisher, distributor, etc. Sadeepa publishers
Date of publication, distribution, etc. 2000
300 ## - PHYSICAL DESCRIPTION
Extent (e.g. Volumes, Pages etc.) 128 p .,
500 ## - GENERAL NOTE
General note its fourteen chapters it deals with all aspects of the problem including sex activists, child sex, patterns of sexual behaviour, pimps and patrons
942 ## - Koha item type (Biblio)
Koha item type Books in Stacks (Lending)
Holdings
Lost status Damaged status Collection code Home library Current library Shelving location Date acquired Full call number Accession Number Item type
    Lending WERC Library WERC Library Social Science Cupboard 03/31/2024 306.74 RAT 4457 Books in Stacks (Lending)

© WERC Library